000 00902nam a22002297a 4500
999 _c63461
_d63461
005 20240530110642.0
008 171023s2015 ua g b 000 0 ara d
017 _a2014/19326
_bمصر. دار الكتب
020 _a9789773506001
040 _aEG-CaGPL
_cEG-CaGPL
082 0 4 _221
_a657\
_bس م
100 0 _aسمير عبدالغنى محمود .
245 1 2 _aالمحاسبة علم اجتماعى :
_bدراسات متقدمة فى نظرية المحاسبة و الفقه المحاسبى /
_cسمير عبدالغنى محمود .
250 _aط.1
260 _aالقاهرة :
_bدار الكتاب الحديث ،
_c2015 .
300 _a187 ص. ؛
_c24 سم.
504 _aببليوجرافية : ص 179 - 182
650 0 7 _2qrmak
_aالمحاسبة .
650 0 7 _2qrmak
_aالموارد البشرية .
942 _2ddc
_cBK